Etika v kontexte verejného obstarávania v Slovenskej republike, v Európskej únii a v Spojených štátoch amerických
Vybrané aspekty fungovania verejného obstarávania v EÚ a v USA. Smernice EÚ a právna norma č. 25/2006 Z.z. o verejnom obstarávaní v znení neskorších predpisov. Transparentnosť vo verejnom obstarávaní a priebeh samotného obstarávania. Zlepšenia systému verejného obstarávania.
Uložené v:
| Hlavný autor: | |
|---|---|
| Ďalší autori: | |
| Médium: | Kapitola |
| Jazyk: | Slovak |
| Predmet: | |
| Tagy: |
Žiadne tagy, Buďte prvý, kto otaguje tento záznam!
|
MARC
| LEADER | 00000nla$a2200000$$$4500 | ||
|---|---|---|---|
| 001 | 0144682 | ||
| 005 | 20221103134009.8 | ||
| 041 | 0 | |a slo | |
| 044 | |a SK | ||
| 245 | 1 | 0 | |a Etika v kontexte verejného obstarávania v Slovenskej republike, v Európskej únii a v Spojených štátoch amerických |c Jaroslav Dobiš, Agneša Víghová |
| 520 | |a Vybrané aspekty fungovania verejného obstarávania v EÚ a v USA. Smernice EÚ a právna norma č. 25/2006 Z.z. o verejnom obstarávaní v znení neskorších predpisov. Transparentnosť vo verejnom obstarávaní a priebeh samotného obstarávania. Zlepšenia systému verejného obstarávania. | ||
| 610 | 2 | 0 | |a obstarávanie verejné |
| 610 | 2 | 0 | |a nástroje investičné |
| 610 | 2 | 0 | |a zdroje finančné |
| 610 | 2 | 0 | |a zmluvy zahraničnoobchodné |
| 610 | 2 | 0 | |a zákonník hospodársky |
| 610 | 2 | 0 | |a súťaž verejná |
| 610 | 2 | 0 | |a Európa |
| 610 | 2 | 0 | |a USA |
| 610 | 2 | 0 | |a Slovensko |
| 610 | 2 | 0 | |a transparentnosť |
| 610 | 2 | 0 | |a etika |
| 610 | 2 | 0 | |a legislatíva |
| 610 | 2 | 0 | |a smernice |
| 100 | 1 | |a Dobiš, Jaroslav | |
| 700 | 1 | |a Víghová, Agneša | |